| 000 | 00636nam a22002417a 4500 | ||
|---|---|---|---|
| 005 | 20240118154430.0 | ||
| 008 | 240118b ||||| |||| 00| 0 eng d | ||
| 040 | _cAL | ||
| 041 | _aLatin | ||
| 100 |
_aCharles E Bennet _9148244 |
||
| 245 | _aNew Latin Grammar | ||
| 250 | _a2 | ||
| 260 |
_aBoston _bAllyn and Bacon _c1918 |
||
| 300 |
_axvi,287p. _bHB _c19x13cm. |
||
| 365 | _2Latin | ||
| 650 |
_aSounds Accent Quantity _9148121 |
||
| 650 |
_aInflections _9148122 |
||
| 650 |
_aParticles _9148123 |
||
| 650 |
_aSyntax _9148124 |
||
| 650 |
_aLatin Grammar _9148125 |
||
| 700 |
_aBENNETT (Charles E) _9148126 |
||
| 942 |
_2ddc _cDB |
||
| 999 |
_c229653 _d229653 |
||